Cultural literacy

Bibliographic Details
Main Author: Šajgalíková, Helena, 1952- (Author)
Format: Book
Language:English
Published: Bratislava Ekonóm 2003
Edition:1st ed.
Subjects:

MARC

LEADER 00000nam a2200000 a 4500
001 vtls001473125
003 SK-MaSNL
005 20260301222740.0
008 240315s2003 xo a eng
015 |a SNBA2004/07-04152 
020 |a 8022516651 
035 |a SNK000428427 
035 |a urn:nbn:sk:snk-amyfbq 
035 |a urn:nbn:sk:snk-am00chye 
035 |a EA8DA860-4AC8-407D-98AE-7FBE6F9C1113 
040 |a SNK  |b slo  |c SNK  |e AACR2 
041 0 |a eng 
044 |a xo  |c SK 
072 7 |a 811.111  |x Angličtina  |2 konspekt 
080 |a 811.111(075.8)  |2 2. slo 
080 |a 33  |2 2. slo 
080 |a 061.1EU  |2 ľ. slo 
080 |a 061.1EU  |2 1981 
080 |a 33  |2 1981 
080 |a 811.111  |2 1981 
080 |a 81`373.46  |2 1981 
080 |a (075.8)  |2 1981 
100 1 |a Šajgalíková, Helena,  |d 1952-  |4 aut  |9 262536 
245 1 |a Cultural literacy  |c Helena Šajgalíková 
250 |a 1st ed. 
260 |a Bratislava  |b Ekonóm  |c 2003 
300 |a 180 s.  |b ilustr.  |c 29 cm 
500 |a 1000 výtl. 
504 |a Bibliogr. s. 180 
610 2 7 |a Európska únia  |2 SNKKA  |9 29861 
650 0 7 |a ekonómia  |2 SNKPH  |9 788 
650 0 7 |a angličtina  |2 SNKPH 
650 0 7 |a odborná terminológia  |2 SNKPH  |9 3616 
655 7 |a učebnice vysokých škôl  |2 SNKPH  |9 70191 
919 |a 80-225-1665-1 
958 |a OND 
968 |d 81 
999 |c 940913  |d 942843 
952 |t P60, <03>, [BOOK], {603}  |a SNK  |b SNK  |y PREZ  |7 0  |p 17A0424764  |o snkSB 68421  |i snkKSP 5432/2004  |0 0  |1 0  |4 0  |d 2004-04-15  |f 1  |l 0  |r 2025-04-22 00:00:00  |w 2026-02-24 
952 |t P60, <04>, [BOOK], {604}  |a SNK  |b SNK  |y VYP  |7 0  |p 17A0424763  |o snkSB 68421 D1  |i snkKSP 5433/2004  |0 0  |1 0  |4 0  |d 2004-04-15  |l 0  |r 2005-01-02 00:00:00  |w 2026-02-24